[A jenai [!jénai] szüneti tanfolyamok] II. A paedagogiai [!pedagógiai] cursus /

Elmentve itt :
Bibliográfiai részletek
Szerző: Weszely Ödön
Dokumentumtípus: Cikk
Megjelent: 1896
Sorozat:Magyar pedagógia : a Magyar Tudományos Akadémia Pedagógiai Bizottságának folyóirata 5
Kulcsszavak:Nyári egyetem beszámoló 1896 Jena, Tanfolyamok
Online Access:http://misc.bibl.u-szeged.hu/7191
LEADER 00725nab a2200181 i 4500
001 misc7191
005 20191106144253.0
008 170607s1896 hu o 0|| hun d
022 |a 0025-0260 
040 |a SZTE Miscellanea Repozitórium  |b hun 
041 |a hun 
100 1 |a Weszely Ödön 
245 1 0 |a [A jenai [!jénai] szüneti tanfolyamok]   |h [elektronikus dokumentum] :  |b II. A paedagogiai [!pedagógiai] cursus /  |c  Weszely Ödön 
260 |c 1896 
300 |a 282-285 
490 0 |a Magyar pedagógia : a Magyar Tudományos Akadémia Pedagógiai Bizottságának folyóirata  |v 5 
695 |a Nyári egyetem beszámoló 1896 Jena, Tanfolyamok 
856 4 0 |u http://misc.bibl.u-szeged.hu/7191/1/mp_1896_0372_282-285.pdf  |z Dokumentum-elérés